000 00745nam a22002657a 4500
001 BR7503867
003 BR-BrBNA
005 20230928084833.0
007 ta
008 230509b bl.||||| |||| 00| 0 por d
040 _aBR-BrBNA
_bpor
_cBiblioteca Nacional de Agricultura
041 _a(Por)
072 _aE11
_b/G514
090 _ E11 BR7503867
110 1 _aGrupo de Trabalho Interministerial, Brasilia, DF (Brasil)
_95455
245 1 _aPosse e ocupacao de terras em areas rurais. Relatorio final [Brasil]
260 3 _aBrasilia, DF (Brasil):
_c1975.
300 _a145 p.
500 _a8 tables
650 _aPOSSE DE TERRA
650 _aUSUCAPIAO
650 _aZONA RURAL
909 _a202309
_bLucia
_c55
_dLucia Elande
942 _cBK
999 _c21378
_d21378